000 00232nam a22000857a 4500
008 160914b xxu||||| |||| 00| 0 eng d
100 _9451
_aBrien. T.O
245 _aGeneral Knowledge Class-3
260 _aNew Delhi
_bFrank publications
_c2012
999 _c3110
_d3110